00429cam a22001337a 4500008004000000020001500040082001800055100002100073245007800094260004000172300001000212650002300222650005000245180718b1999 xxu||||| |||| 00| 0 eng d a0195649508 aB1243x54 C361 aChandhoke, Neera aBeyond secularism: the rights of religious minoritiescby Neera Chandhoke aNew DelhibOxford Univ. Pressc1999 a321p. aSecularism - India aMinorities - Legal status, laws, etc. - India